| 000 | 01165pam a2200289 a 4500 | ||
|---|---|---|---|
| 001 | 2490 | ||
| 005 | 20231212145314.0 | ||
| 020 | _a0689868847 | ||
| 040 |
_aDLC _cDLC _dDLC _beng |
||
| 050 | 0 | 0 |
_aBL820.A8 _bC64 2004 |
| 082 | 0 | 0 |
_a292.1/3 _222 |
| 100 | 1 |
_aColum, Padraic _d1881-1972 |
|
| 245 | 1 | 4 |
_aThe Golden Fleece and the heroes who lived before Achilles / _cPadraic Colum ; illustrated by Willy Pogany. |
| 250 | _aFirst Scholastic printing, September 1990 | ||
| 260 |
_aNew York : _bScholastic, _c1921 |
||
| 300 |
_a316 pages : _billustrations ; _c21 cm |
||
| 500 | _aOriginally published: New York : Macmillan, c1921. | ||
| 505 | _aZ | ||
| 520 | _aDescribes the cycle of myths about the Argonauts and the quest for the Golden Fleece, as well as the tales of the Creation of Heaven and Earth, the labors of Hercules, Theseus and the Minotaur, etc. | ||
| 521 |
_a1070 _bLexile |
||
| 521 |
_aZ _bRaz-Plus |
||
| 650 | 0 |
_aArgonauts (Greek mythology) _vJuvenile literature. |
|
| 650 | 0 |
_aMythology, Greek _vJuvenile literature. |
|
| 700 | 1 |
_aPogány, Willy _d1882-1955 _eillustrator |
|
| 906 |
_a7 _bcbc _corigcop _d2 _encip _f20 _gy-gencatlg |
||
| 942 |
_2ddc _cBK _n0 |
||
| 999 |
_c2490 _d2490 |
||